02232agaaa2200313 45000010005000000030009000050050017000140070009000310080040000400400023000800410013001031000047001161300021001632400030001842450173002142460023003872500022004102600127004323000033005595080151005925110079007435200825008225380016016475460013016636500059016767000063017357000059017987000061018575424IT-RoPAU20220918181224.0d cvaizq50131s9999||||xx ||| | || ||und|| aIT-RoPAUcIT-RoPAU aITALIANO aBergman IngmargCodice regista SPICS: 9304 aSUSSURRI E GRIDA aVISKNINGAR OCH ROPgT1210 aSUSSURRI E GRIDAcProdotto da: Carlberg Lars-Owe -- Sceneggiatura: Bergman Ingmar -- Diretto da: Bergman IngmarpSUSSURRI E GRIDA (Rif. Codice opera principale : H5424) aVISKNINGAR OCH ROP aEdizione Standard a(SVEZIA)bCINEMATOGRAPH AB - SVENSKA FILMINSTITUTET / Distribuzione: CIAKg"1972 (1° ed.: 2005 ; Ed. Lingua Orig.: 1972)" aDVDbsonoro, col.c90 minuti a"Fotografia: Nykvist Sven; Montaggio: Lundgren-Kanalv Siv; Musica: Bach Johann Sebastian; Sceneggiatura: Bergman Ingmar; Scenografia: Vos Marik; " a"Thulin Ingrid; Andersson Harriet; Ullman Liv; Josephspn Erl; Sylwan Kari" a"QUATTRO DONNE SI TROVANO DI FRONTE ALLA MORTE: AGNESE, CHE A QUARANT'ANNI STA MORENDO DI CANCRO, LE SORELLE KARIN E MARIA, ACCORSE AL SUO CAPEZZALE, E ANNA, LA GOVERNANTE, PIU' VICINA ALLA SOFFERENZA DELLA PADRONA. KARIN E' UNA DONNA IMPIETOSA E MARIA E' SOLO PREOCCUPATA DELLA PROPRIA BELLEZZA. AGNESE MUORE. DURANTE LA VEGLIA FUNEBRE LE SORELLE ODONO LEVARSI DAL CADAVERE GRIDA DISPERATE DI INVOCAZIONE E FUGGONO TERRORIZZATE; SOLO ANNA HA IL CORAGGIO DI PRENDERE QUEL POVERO CORPO E CONSEGNARLO PLACATO AL RIPOSO ETERNO. OSCAR DEL 1973 PER LA MIGLIOR FOTOGRAFIA. DAVID NEL 1974 PER MIGLIOR REGISTA STRANIERO E DAVID SPECIALE ALLE PROTAGONISTE. IL SIGNIFICATO DELLA MORTE E DELLA VITA. IL SILENZIO DI DIO, LA COMUNICAZIONE TRA GLI UOMINI. RA I SATELLITI; TUTTI I PROGRAMMI GIORNO PER GIORNO. GLI SPECIALISTI DEL SAT." aPAL, STEREO aITALIANO aDRAMMATICOeDVD-FILM [DVD]xCodice MATERIA SPICS: 9947 aBach Johann Sebastiane(musica)gCodice Musica SPICS: 9695 aBergman Ingmar e(regista)gCodice regista SPICS: 9304 aBergman Ingmar e(soggetto)gCodice Soggetto SPICS: 9304